00520nam a22001692 4500001001100000005001700011008004100028020001700069040001500086100003100101245012200132250001200254260003700266300001300303700003100316852000300347000001985320151217152203.0110222s xx 000 0 eng d a9966777016 : aKABUcKABU1 aWere, Maureen.@000015589413aAn evaluation of the KIPPRA :bTreasury macro model and Kenya's economy using historical simulations /cMaureen Were. a1st ed. aKIPPRA :bNairobi, Kenya,c2006. av, 37 p.1 aWere, Maureen.@00001558941